01128nas a2200277 4500001001000000003000900010005001700019007000300036008003400039040005400073041000900127072000800136100001700144100002200161100002500183100002300208245012700231246010300358650001100461650001400472773013200486909004000618942001800658999001900676952015500695BR9202913BR-BrBNA20231205092557.0ta230509b bl.|||p| |||| 00| 00por d aBR-BrBNAbporcBiblioteca Nacional de Agricultura a(Pt) aL721 aAhid, S.M.M.1 aMonteiro Neto, V.1 aReis Filho, S.A. dos1 aFreire, N.M. da S.1 aAusencia de enterobacteriaceae em femeas de Boophilus microplus (Canestrini, 1887)(Acari: Ixodidae)ingurgitadas em bovinos1 aAbsence of enterobacteriaceae in engorged female of Boophilus microplus (Acari: Ixodidae)on cattle aBOVINO aCARRAPATO0 tArquivos da Universidade Federal Rural do Rio de Janeiro (Brazil)xISSN 0100-2481g(Jan-Jun 1990), v. 13(1) p. 67-70wBR9202913 a202311bLúciac55dLúcia Elande 2AGRISn0cANA c132616d132616 002AGRIS4071a41918b41918cPeriódicos Agrícolash(Jan-Jun 1990), v. 13(1) p. 67-70l0r2023-11-29t01yCRePortaria Interministerial nº 164/94